American government : (Record no. 2439)

MARC details
000 -LEADER
fixed length control field 00633cam a2200193 4500
001 - CONTROL NUMBER
control field 3035
005 - DATE AND TIME OF LATEST TRANSACTION
control field 20181127170349.0
008 - FIXED-LENGTH DATA ELEMENTS--GENERAL INFORMATION
fixed length control field 010129s2001 nyua b 001 0 eng
010 ## - LIBRARY OF CONGRESS CONTROL NUMBER
LC control number 2001029102
020 ## - INTERNATIONAL STANDARD BOOK NUMBER
International Standard Book Number 0321086724 (pbk.)
100 1# - MAIN ENTRY--PERSONAL NAME
Personal name O'Connor, Karen,
Dates associated with a name 1952-
245 10 - TITLE STATEMENT
Title American government :
Remainder of title continuity and change /
Statement of responsibility, etc. Karen O'Connor, Larry J. Sabato.
250 ## - EDITION STATEMENT
Edition statement 1999 alternate ed.
260 ## - PUBLICATION, DISTRIBUTION, ETC.
Place of publication, distribution, etc. Boston :
Name of publisher, distributor, etc. Allyn and Bacon,
Date of publication, distribution, etc. 1999.
300 ## - PHYSICAL DESCRIPTION
Extent xxiii, 856 p. :
Other physical details ill. ;
Dimensions 28 cm.
504 ## - BIBLIOGRAPHY, ETC. NOTE
Bibliography, etc. note Includes bibliographical references and index.
651 #0 - SUBJECT ADDED ENTRY--GEOGRAPHIC NAME
Geographic name United States
General subdivision Politics and government.
700 1# - ADDED ENTRY--PERSONAL NAME
Personal name Sabato, Larry.
Holdings
Withdrawn status Lost status Source of classification or shelving scheme Damaged status Not for loan Collection code Home library Current library Shelving location Serial Enumeration / chronology Inventory number Total Checkouts Full call number Barcode Date last seen Date last checked out Price effective from Koha item type
    Dewey Decimal Classification     Main TEST RTC Library RTC Library Main opac 2175 3 320. 473 OCO 30005796 06/06/2019 06/06/2019 27/11/2018 Main
Royal Thimphu College || All Right Reserved